[Event "LSS No Engine Cup 66 Preliminary 2"]
[Site "LSS email"]
[Date "2012.05.28"]
[Round "?"]
[White "Tjiptadi, Kudus"]
[Black "Gudok, Viktor V"]
[Result "0-1"]
[WhiteElo "1148"]
[BlackElo "1723"]
[PlyCount "64"]
[EventDate "2012.05.29"]
[EventType "tourn (corr)"]
[EventRounds "6"]
[EventCountry "GER"]
[SourceTitle "Telechess CBM 153"]
[Source "ChessBase"]
[SourceDate "2013.03.14"]
[SourceVersion "1"]
[SourceVersionDate "2013.03.14"]
[SourceQuality "1"]

1. c4 g6 2. Nc3 Bg7 3. Nf3 Nf6 4. g3 0-0 5. Bg2 d6 6. 0-0 Nc6 7. d4 a6 8. e4 Rb8 9. d5 Na5 10. Qe2 c5 11. e5 Ne8 12. Bg5 dxe5 13. Rad1 f6 14. Bd2 Nd6 15. b3 b5 16. Ne4 bxc4 17. Nxc5 cxb3 18. Bxa5 Qxa5 19. Nxb3 Qb5 20. Qc2 Bb7 21. Qd2 Rfd8 22. h4 Nc4 23. Qe2 Rxd5 24. Nfd2 Nb2 25. Qxb5 Rxb5 26. Rc1 Bxg2 27. Kxg2 a5 28. Rc7 Bf8 29. Rc2 Nd3 30. Rc6 a4 31. Nc1 Nxc1 32. Rfxc1 Rb2 0-1

[Event "OP-2012-0-02211"]
[Site "LSS email"]
[Date "2012.05.24"]
[Round "?"]
[White "Tjiptadi, Kudus"]
[Black "Piacentile, Carmine"]
[Result "0-1"]
[WhiteElo "1147"]
[BlackElo "1497"]
[PlyCount "32"]
[EventDate "2012.05.20"]
[EventType "tourn (corr)"]
[EventRounds "4"]
[EventCountry "GER"]
[SourceTitle "Corr 2015"]
[Source "ChessBase"]
[SourceDate "2015.07.17"]
[SourceVersion "1"]
[SourceVersionDate "2015.07.17"]
[SourceQuality "1"]

1. c4 e5 2. Nc3 Nf6 3. g3 Bc5 4. Nf3 d6 5. Bg2 Nc6 6. d3 0-0 7. 0-0 h6 8. e3 Bg4 9. Qb3 Qd7 10. Bd2 a5 11. Nd5 Nxd5 12. cxd5 Ne7 13. Qc4 b5 14. Qc2 Bb6 15. e4 f5 16. Be3 fxe4 0-1

[Event "RF-2012-0-00114"]
[Site "LSS email"]
[Date "2012.04.18"]
[Round "?"]
[White "Tjiptadi, Kudus"]
[Black "Schoenbuchner, Gerhard"]
[Result "1-0"]
[WhiteElo "1140"]
[BlackElo "1032"]
[PlyCount "35"]
[EventDate "2012.03.13"]
[EventType "tourn (corr)"]
[EventRounds "6"]
[EventCountry "GER"]
[SourceTitle "Corr 2015"]
[Source "ChessBase"]
[SourceDate "2015.07.17"]
[SourceVersion "1"]
[SourceVersionDate "2015.07.17"]
[SourceQuality "1"]

1. c4 e5 2. Nc3 d6 3. g3 Nc6 4. Bg2 Be6 5. d3 Qd7 6. Nf3 0-0-0 7. 0-0 Be7 8. a3 f6 9. b4 Bh3 10. b5 Nb8 11. Nd5 Bxg2 12. Kxg2 g5 13. a4 h5 14. a5 c6 15. bxc6 Nxc6 16. Be3 h4 17. Bxa7 Nxa7 18. Nb6+ 1-0

[Event "LSS No Engine Cup 32 Preliminary 7"]
[Site "LSS email"]
[Date "2010.12.07"]
[Round "?"]
[White "Bearce, Harold L"]
[Black "Tjiptadi, Kudus"]
[Result "0-1"]
[WhiteElo "451"]
[BlackElo "1069"]
[PlyCount "48"]
[EventDate "2010.12.08"]
[EventType "tourn (corr)"]
[EventRounds "6"]
[EventCountry "GER"]
[SourceTitle "Telechess CBM 151"]
[Source "ChessBase"]
[SourceDate "2012.11.13"]
[SourceVersion "1"]
[SourceVersionDate "2012.11.13"]
[SourceQuality "1"]

1. e4 d6 2. d4 Nf6 3. Nc3 c6 4. f4 g6 5. h3 Bg7 6. Nf3 0-0 7. Bd3 b5 8. a3 Bb7 9. e5 Nd5 10. Nxd5 cxd5 11. Bd2 a6 12. Kf2 dxe5 13. dxe5 e6 14. Qe2 Nd7 15. a4 bxa4 16. Rxa4 Nc5 17. Ra2 h6 18. Be3 Nxd3+ 19. Qxd3 Rc8 20. g4 d4 21. Bxd4 Qh4+ 22. Kg2 Bxf3+ 23. Kxf3 Qd8 24. Rxa6 Qd5+ 0-1

[Event "OP-2010-0-01324"]
[Site "LSS email"]
[Date "2010.11.26"]
[Round "?"]
[White "Tjiptadi, Kudus"]
[Black "Konogray, Olga"]
[Result "1-0"]
[WhiteElo "1069"]
[BlackElo "684"]
[PlyCount "53"]
[EventDate "2010.11.20"]
[EventType "tourn (corr)"]
[EventRounds "4"]
[EventCountry "GER"]
[SourceTitle "Telechess CBM 145"]
[Source "Chessbase"]
[SourceDate "2011.11.11"]
[SourceVersion "1"]
[SourceVersionDate "2011.11.11"]
[SourceQuality "1"]

1. e4 e6 2. d3 Nf6 3. f4 d5 4. e5 Nfd7 5. Nf3 Nb6 6. Be2 Nc6 7. 0-0 Bc5+ 8. d4 Bb4 9. c3 Ba5 10. b4 Nxb4 11. cxb4 Bxb4 12. Bb2 0-0 13. Nc3 c5 14. dxc5 Bxc5+ 15. Kh1 d4 16. Ne4 Be7 17. Nxd4 Nd5 18. Qb3 f5 19. exf6 Bc5 20. Nxc5 Nxf4 21. Rxf4 Rxf6 22. Rxf6 gxf6 23. Ndxe6 Qd2 24. Nd8+ Be6 25. Qxe6+ Kg7 26. Qxf6+ Kg8 27. Bc4+ 1-0

[Event "OP-2010-0-01324"]
[Site "LSS email"]
[Date "2010.11.26"]
[Round "?"]
[White "Tjiptadi, Kudus"]
[Black "Lopriore, Nunzio"]
[Result "1-0"]
[WhiteElo "1069"]
[BlackElo "1276"]
[PlyCount "71"]
[EventDate "2010.11.20"]
[EventType "tourn (corr)"]
[EventRounds "4"]
[EventCountry "GER"]
[SourceTitle "Telechess CBM 145"]
[Source "Chessbase"]
[SourceDate "2011.11.11"]
[SourceVersion "1"]
[SourceVersionDate "2011.11.11"]
[SourceQuality "1"]

1. e4 c6 2. f4 d5 3. e5 e6 4. Nf3 Nd7 5. g3 Ne7 6. Bg2 Nf5 7. 0-0 Qb6+ 8. Kh1 Be7 9. c3 0-0 10. d4 c5 11. b3 cxd4 12. Nxd4 Nxd4 13. cxd4 Qd8 14. Bb2 Qb6 15. Nd2 Re8 16. Rc1 Qa5 17. a4 Bb4 18. Nf3 h6 19. Nh4 Nf8 20. f5 exf5 21. Nxf5 Bxf5 22. Rxf5 Rac8 23. h3 Rxc1 24. Qxc1 Be1 25. Kh2 g6 26. Rf1 Bb4 27. Qxh6 Bd2 28. Qh4 Ne6 29. Qf6 Rf8 30. h4 Qc7 31. Bxd5 Qc2 32. Rf2 Qxb2 33. Bxe6 Qxd4 34. Bxf7+ Kh7 35. Bxg6+ Kh6 36. Qxf8+ 1-0

[Event "LSS SE-2010-0-00055"]
[Site "LSS email"]
[Date "2010.10.06"]
[Round "?"]
[White "Tjiptadi, Kudus"]
[Black "Reede, Arvo"]
[Result "0-1"]
[WhiteElo "1070"]
[BlackElo "1368"]
[PlyCount "52"]
[EventDate "2010.07.21"]
[EventType "tourn (corr)"]
[EventRounds "6"]
[EventCountry "GER"]
[SourceTitle "Telechess CBM 143"]
[Source "ChessBase"]
[SourceDate "2011.07.15"]
[SourceVersion "1"]
[SourceVersionDate "2011.07.15"]
[SourceQuality "1"]

1. c4 e5 2. Nc3 Nf6 3. g3 c6 4. Bg2 d5 5. cxd5 Nxd5 6. d3 Bd6 7. e4 Nxc3 8. bxc3 Na6 9. Ne2 0-0 10. 0-0 Qa5 11. Bb2 Be6 12. d4 Bc4 13. Re1 Rad8 14. a3 Nc7 15. Qc2 Ne6 16. Rad1 Rfe8 17. d5 Nc5 18. dxc6 bxc6 19. h4 Bb3 20. Qb1 Bxd1 21. Rxd1 Bf8 22. c4 Rxd1+ 23. Qxd1 Rd8 24. Qc1 Nd3 25. Qc3 Qc5 26. a4 Qxf2+ 0-1

[Event "LSS SE-2010-0-00055"]
[Site "LSS email"]
[Date "2010.10.06"]
[Round "?"]
[White "Weimer, Dennis"]
[Black "Tjiptadi, Kudus"]
[Result "0-1"]
[WhiteElo "1198"]
[BlackElo "1069"]
[PlyCount "40"]
[EventDate "2010.07.21"]
[EventType "tourn (corr)"]
[EventRounds "6"]
[EventCountry "GER"]
[SourceTitle "Telechess CBM 143"]
[Source "ChessBase"]
[SourceDate "2011.07.15"]
[SourceVersion "1"]
[SourceVersionDate "2011.07.15"]
[SourceQuality "1"]

1. c4 Nf6 2. g3 g6 3. Bg2 c6 4. Nf3 Bg7 5. 0-0 0-0 6. d4 d5 7. Qb3 dxc4 8. Qxc4 Be6 9. Qb4 Qc7 10. Ng5 Bc8 11. Nc3 Na6 12. Bf4 Qxf4 13. Qxb7 Qxf2+ 14. Rxf2 Bxb7 15. Rd1 Nb4 16. a3 Nc2 17. d5 cxd5 18. Nxd5 Nxd5 19. Bxd5 Bxd5 20. Rxd5 Bd4 0-1

[Event "LSS RF-2010-0-00055"]
[Site "LSS email"]
[Date "2010.08.25"]
[Round "?"]
[White "Tjiptadi, Kudus"]
[Black "Ruslin, Alexey"]
[Result "0-1"]
[WhiteElo "1074"]
[BlackElo "982"]
[PlyCount "58"]
[EventDate "2010.07.10"]
[EventType "tourn (corr)"]
[EventRounds "6"]
[EventCountry "GER"]
[SourceTitle "Telechess CBM 143"]
[Source "ChessBase"]
[SourceDate "2011.07.15"]
[SourceVersion "1"]
[SourceVersionDate "2011.07.15"]
[SourceQuality "1"]

1. e4 c6 2. d3 d5 3. f4 dxe4 4. dxe4 Qxd1+ 5. Kxd1 Bg4+ 6. Be2 Bxe2+ 7. Nxe2 e6 8. c3 Bc5 9. b4 Bb6 10. Kc2 Ne7 11. a4 0-0 12. Na3 Nd7 13. Nc4 Bc7 14. Rf1 Rfd8 15. g3 Nf6 16. e5 Nfd5 17. Ne3 Nxe3+ 18. Bxe3 Nf5 19. Bf2 Bb6 20. Kb3 Bxf2 21. Rxf2 Kf8 22. Ng1 Rd3 23. Nf3 Rad8 24. Raa2 Ke7 25. a5 h6 26. g4 Ne3 27. Rfd2 Nxg4 28. Rxd3 Rxd3 29. Ne1 Rh3 0-1

[Event "LSS RF-2010-0-00055"]
[Site "LSS email"]
[Date "2010.08.24"]
[Round "?"]
[White "Vontina, Maria"]
[Black "Tjiptadi, Kudus"]
[Result "1/2-1/2"]
[WhiteElo "671"]
[BlackElo "1087"]
[PlyCount "68"]
[EventDate "2010.07.10"]
[EventType "tourn (corr)"]
[EventRounds "6"]
[EventCountry "GER"]
[SourceTitle "Telechess CBM 143"]
[Source "ChessBase"]
[SourceDate "2011.07.15"]
[SourceVersion "1"]
[SourceVersionDate "2011.07.15"]
[SourceQuality "1"]

1. e4 d6 2. d4 Nf6 3. f3 c6 4. Ne2 g6 5. Bg5 Bg7 6. Ng3 0-0 7. Bd3 h6 8. Be3 e5 9. dxe5 dxe5 10. 0-0 Be6 11. Nc3 Nbd7 12. Qd2 Kh7 13. a3 Qc7 14. Rad1 b6 15. Qc1 Ng8 16. Rd2 Rad8 17. Rfd1 Ndf6 18. Be2 Rxd2 19. Rxd2 Rd8 20. Rxd8 Qxd8 21. Qd2 Qxd2 22. Bxd2 Ne7 23. Kf2 Nd7 24. h3 f5 25. exf5 Nxf5 26. Nge4 Nd4 27. Bd3 c5 28. b3 Nf6 29. Nxf6+ Bxf6 30. Ne4 Bg7 31. a4 a5 32. Nd6 Bf8 33. Nc4 Bxc4 34. bxc4 Kg7 1/2-1/2

[Event "LSS No Engine Cup 21 Preliminary 6"]
[Site "LSS email"]
[Date "2010.05.03"]
[Round "?"]
[White "Tjiptadi, Kudus"]
[Black "Lebduska, Daniel"]
[Result "1-0"]
[WhiteElo "1050"]
[BlackElo "525"]
[PlyCount "33"]
[EventDate "2010.05.04"]
[EventType "tourn (corr)"]
[EventRounds "6"]
[EventCountry "GER"]
[SourceTitle "Corr 2015"]
[Source "ChessBase"]
[SourceDate "2015.07.17"]
[SourceVersion "1"]
[SourceVersionDate "2015.07.17"]
[SourceQuality "1"]

1. c4 Nc6 2. Nf3 e5 3. Nc3 Nf6 4. g3 e4 5. Ng5 d5 6. cxd5 Nxd5 7. Ngxe4 Bb4 8. Bg2 Nxc3 9. bxc3 Ba5 10. Ba3 Bf5 11. 0-0 Bxe4 12. Bxe4 g6 13. Qa4 Qxd2 14. Bxc6+ Kd8 15. Rad1 Qxd1 16. Rxd1+ Kc8 17. Be8 1-0

[Event "LSS BI-2010-P-00013"]
[Site "LSS email"]
[Date "2010.04.19"]
[Round "?"]
[White "Hughes, Chris"]
[Black "Tjiptadi, Kudus"]
[Result "0-1"]
[WhiteElo "665"]
[BlackElo "1050"]
[PlyCount "56"]
[EventDate "2010.04.22"]
[EventType "tourn (corr)"]
[EventRounds "10"]
[EventCountry "GER"]
[SourceTitle "Telechess CBM 147"]
[Source "ChessBase"]
[SourceDate "2012.03.16"]
[SourceVersion "1"]
[SourceVersionDate "2012.03.16"]
[SourceQuality "1"]

1. d4 Nf6 2. c4 e6 3. Nf3 c5 4. d5 exd5 5. cxd5 d6 6. Nc3 g6 7. Nd2 Bg7 8. e4 0-0 9. Be2 Re8 10. 0-0 a6 11. a4 Nbd7 12. Re1 Nf8 13. h3 Bd7 14. Nc4 Qc7 15. Bf4 Nxe4 16. Nxe4 Rxe4 17. Rc1 Rxf4 18. b3 b5 19. axb5 axb5 20. Ne3 h5 21. Kh2 Rxf2 22. Bf3 Rfa2 23. Be4 Rf2 24. Kg1 Raa2 25. Rc2 Rfxc2 26. Nxc2 Qd8 27. Bd3 Qg5 28. Re3 Bd4 0-1

[Event "LSS RF-2010-0-00044"]
[Site "LSS email"]
[Date "2010.03.17"]
[Round "?"]
[White "Gyongyosi, Peter Laszlo"]
[Black "Tjiptadi, Kudus"]
[Result "0-1"]
[WhiteElo "914"]
[BlackElo "1050"]
[PlyCount "78"]
[EventDate "2010.01.13"]
[EventType "tourn (corr)"]
[EventRounds "6"]
[EventCountry "GER"]
[SourceTitle "Telechess CBM 147"]
[Source "ChessBase"]
[SourceDate "2012.03.16"]
[SourceVersion "1"]
[SourceVersionDate "2012.03.16"]
[SourceQuality "1"]

1. d4 Nf6 2. c4 e6 3. Nc3 c5 4. e3 cxd4 5. exd4 Bb4 6. Bd2 0-0 7. Nf3 d5 8. a3 Bxc3 9. Bxc3 Nc6 10. Be2 dxc4 11. Bxc4 a6 12. 0-0 h6 13. Rc1 Qb6 14. Re1 Bd7 15. Ne5 Rad8 16. Qe2 Nxd4 17. Bxd4 Qxd4 18. h3 Bc8 19. Bd3 Nd5 20. Rc4 Qb6 21. Rg4 Nf6 22. Rb4 Qd6 23. Rd1 Qe7 24. Rc4 Nd5 25. Qe4 f5 26. Qf3 Qf6 27. Re1 Rd6 28. Rc5 Rfd8 29. Nc4 Rc6 30. Rxc6 bxc6 31. Ne5 Bb7 32. Qe2 Nf4 33. Qc2 c5 34. Bc4 Bxg2 35. Bxa6 Be4 36. Rxe4 fxe4 37. Qxe4 Nxh3+ 38. Kh2 Nxf2 39. Qe3 Qxe5+ 0-1

[Event "LSS RF-2010-0-00044"]
[Site "LSS email"]
[Date "2010.03.17"]
[Round "?"]
[White "Tjiptadi, Kudus"]
[Black "Stadler, Pavel"]
[Result "1-0"]
[WhiteElo "1058"]
[BlackElo "1105"]
[PlyCount "119"]
[EventDate "2010.01.13"]
[EventType "tourn (corr)"]
[EventRounds "6"]
[EventCountry "GER"]
[SourceTitle "Telechess CBM 141"]
[Source "ChessBase"]
[SourceDate "2011.03.17"]
[SourceVersion "1"]
[SourceVersionDate "2011.03.17"]
[SourceQuality "1"]

1. e4 c5 2. Nf3 Nc6 3. Bc4 e6 4. 0-0 a6 5. a4 d5 6. exd5 exd5 7. Re1+ Be6 8. Bf1 Be7 9. c3 Nf6 10. d4 0-0 11. Be3 c4 12. Nbd2 b5 13. axb5 axb5 14. Qc2 Qc7 15. h3 b4 16. Ng5 b3 17. Qb1 Bd7 18. Ngf3 h6 19. Ne5 Be6 20. f4 Nxe5 21. dxe5 Nd7 22. Rxa8 Rxa8 23. f5 Bc5 24. fxe6 fxe6 25. Bd4 Bxd4+ 26. cxd4 Nb8 27. Qg6 Qf7 28. Qg4 Nc6 29. Be2 Ra2 30. Nxc4 dxc4 31. Bxc4 Nd8 32. Rb1 Ra4 33. Bxb3 Rb4 34. Bc2 Nc6 35. Qe4 Nxd4 36. Qa8+ Qf8 37. Bh7+ Kf7 38. Rf1+ Nf5 39. Qxf8+ Kxf8 40. Bxf5 exf5 41. Rxf5+ Ke7 42. Rf2 Ke6 43. Re2 Rb3 44. Kf2 g6 45. Ke1 g5 46. Kd1 h5 47. Kc2 Rb6 48. Kc3 Rc6+ 49. Kd4 Rb6 50. Rf2 Rb4+ 51. Kc3 Rb7 52. b4 Kxe5 53. Kc4 g4 54. hxg4 hxg4 55. b5 Rc7+ 56. Kb4 Rc1 57. b6 Rb1+ 58. Kc5 Ke4 59. Kc6 Ke3 60. Ra2 1-0